Miniaturas turcas

Збережено в:
Бібліографічні деталі
Автор: Ettinghausen, Richard (Автор)
Формат: Книга
Мова:Іспанська
Опубліковано: Ciudad de México Hermes 1965
Серія:Colección Unesco-Hermes Bolsilibros de Arte
Предмети:
Теги: Додати тег
Немає тегів, Будьте першим, хто поставить тег для цього запису!

MARC

LEADER 00000nam a2200000 a 4500
001 UCO1840
003 CL-VaPUC
008 000519e19650000MX |||||||||||||||||spa|d
082 0 4 |a 751.77  |b ETT  |2 21 
100 0 |a Ettinghausen, Richard  |e author  |9 444372 
245 1 0 |a Miniaturas turcas 
300 |a 24 p 
942 |c BK 
945 |d 20000519 00:00:00  |a rbrito 
260 |a Ciudad de México  |b Hermes  |c 1965 
650 0 |a Arte turco  |9 444373 
650 7 |a MINIATURAS  |2 CL-VaPUC  |9 444374 
651 7 |a TURQUIA  |2 CL-VaPUC  |9 343267 
583 |a last modification  |c 20000519 00:00:00  |k Rodrigo Vera 
490 0 |a Colección Unesco-Hermes Bolsilibros de Arte 
999 |c 288432  |d 288430 
952 |0 0  |1 0  |4 0  |6 751_770000000000000_ETT_1965  |7 0  |8 P  |9 336103  |a BIBARQ  |b BIBARQ  |d 2019-11-20  |i 3620638  |o 751.77 ETT 1965  |p 3620638  |r 2025-01-20  |w 2019-11-20  |y BK  |k ARQ